• 首页
  • 本馆介绍
  • 公告通知
  • 最新文献
  • 馆藏检索
  • 电子资源
  • 读者导购
  • 参考咨询
  • 我的图书馆
  • 登录
  • 详细信息显示
  • 放入我的书架
  • 预约/预借图书
  • 作者相关作品
  • 分类相关作品
  • 丛书相关作品
  • 出版社相关作品

书目信息

  • 表格格式
  • 工作单格式
  • 卡片格式
题名:
遗传学实验
    
 
作者: 刘祖洞 江绍慧
分册:  
出版信息: 北京   高等教育出版社  1987
页数: 271
开本: 20cm
丛书名:
单 册:
中图分类: Q3-3
科图分类:
主题词: 遗传学--研究方法 , 实验遗传学
电子资源:
ISBN: 7-04-000073-3
000 00583nam0 2200205 450
001 0741144344
005 20070817112544.34
010    @a7-04-000073-3@d¥4.00
100    @a20070817d km y0chiy0120 ea
101 0  @achi
200 1  @a遗传学实验@Ayi chuan xue shi yan@f刘祖洞 江绍慧@Fliu zu dong jiang shao hui
205    @a2版
210    @a北京@c高等教育出版社@d1987
215    @a271@d20cm
606 0  @a遗传学@x研究方法
606 0  @a实验遗传学
690    @aQ3-3@v3
701  0 @a刘祖洞 江绍慧@Aliu zu dong jiang shao hui
801  0 @aCN@bPFT@c20070817
905    @a213230@dQ3-3@en1@f1
    
    遗传学实验/刘祖洞 江绍慧.-2版.-北京:高等教育出版社,1987
    271;20cm
    
    
    ISBN 7-04-000073-3:¥4.00
    
●
相关链接 在E读中查询图书 在五车中查询图书 在当当中查询图书 在豆瓣中查询图书


正题名:遗传学实验     索取号:Q3-3/n1         预约/预借

序号 登录号 条形码 馆藏地/架位号 状态 备注
1 6601555   266015554   密集书库-生命科学系/ [索取号:Q3-3/n1] 在馆    
唐山师范学院图书馆 欢迎您!
大连网信软件有限公司© 版权所有